La Izquierda chilena en 1982 /

Sábháilte in:
Sonraí bibleagrafaíochta
Príomhchruthaitheoir: Yocelevzky R., Ricardo A
Formáid: Téacs
Clibeanna: Cuir clib leis
Níl clibeanna ann, Bí ar an gcéad duine le clib a chur leis an taifead seo!

MARC

LEADER 00000 a a2200000 04500
001 16483
003
040
100 |a Yocelevzky R., Ricardo A  
245 |a La Izquierda chilena en 1982 /  |c Ricardo A Yocelevzky R. 
773 |g volumen 45, 3:; páginas 981-1025  
999 |c 40056  |d 40056